000 00362nam a2200133Ia 4500
008 211109s9999||||xx |||||||||||||| ||und||
082 _a894.812
_bVAD-V
100 _aVadhyar, K K
245 0 _aVrithavicharam
260 _bNational Book Stall
_aKottayam
_c1900
630 _xGeneral Stack
650 _aMalayalam Literature
_vLiterature
_xGeneralia
942 _cBOOK
999 _c35685
_d35685